Responses for show #2866 - Monday, February 3, 1997

1997-A Teen Tournament quarterfinal game 1.

Contestants

Alex Rubalcava, a junior from Los Angeles, California

Tanis O'Connor, a senior from Clearwater, Florida

Josh Den Hartog, a junior from Otley, Iowa

Jeopardy! Round responses

U.S. STATES
SPORTS
HOLIDAYS & OBSERVANCES
20TH CENTURY WOMEN
LITERATURE
DISNEY WORLD AT 25
    $100 11
Minnesota

Josh
    $100 1
(Alex Rubalcava: Who is Shaquille O'Neal?)

Michael Jordan

TanisAlex
    $100 17
Good Friday

Tanis
    $100 15
Mrs. (Debbi) Fields

Triple Stumper
    $100 2
The Catcher in the Rye

Tanis
    $100 22
Ellen DeGeneres

Josh
    $200 12
Georgia

Josh
    $200 4
Evander Holyfield

Josh
    $200 23
(Josh: What is Christmas?)

New Year's Eve

Josh
Triple Stumper
    $200 16
Janet Reno

Josh
    $200 3
Leo Tolstoy

Josh
    $200 25
Buzz Lightyear

Josh
    $300 13
Delaware

Tanis
    $300 5
the University of Florida

Tanis
    $300 24
Columbus Day

Tanis
    $300 18
Gloria Steinem

Tanis
    $300 6
James Fenimore Cooper

Tanis
    $300 27
Cinderella

Tanis
    $700 14
the Missouri River

Tanis
    $400 9
Tiger Woods

Josh
    $400 26
Simon Bolivar

Tanis
    $400 19
Connie Chung

Alex
    $400 7
William Faulkner

Tanis
    $400 28
The Twilight Zone

Josh
    $500 21
Maine

Tanis
    $500 10
Los Angeles Dodgers

Alex
    $500 29
(Alex Rubalcava: What is November 1?)
(Tanis: What is October 31?)
...
(Alex Trebek: November 1 is All Saints Day and October 31 is Halloween.)

Novermber 2

TanisAlex
Triple Stumper
    $500 20
Benazir Bhutto

Tanis
    $500 8
The Canterbury Tales

Josh
    $500 30
Rick Moranis

Josh

Scores at the first commercial break (after clue 14):

Josh Tanis Alex
$1,600 $2,200 $400

Scores at the end of the Jeopardy! Round:

Josh Tanis Alex
$2,800 $4,100 $300

Double Jeopardy! Round responses

EUROPEAN HISTORY
COLLEGES & UNIVERSITIES
MUSIC
NUTRITION
ISLANDS
THE OLD TESTAMENT
    $200 14
European Union

Josh
    $200 8
the University of Tennessee

Alex
    $200 10
Johannes Brahms

Josh
    $200 26
breakfast

Josh
    $200 1
Sicily

Josh
    $200 2
fire

Josh
    $400 18
fascism

Tanis
    $400 9
the University of California

Josh
    $400 11
clef

Tanis
    $400 27
calcium

Tanis
    $400 7
the Philippines

Josh
    $400 3
Mount Sinai

Josh
    $600 19
Juan Carlos

Tanis
    $600 15
(Josh: What is La Salle?)

Marquette

Josh
Triple Stumper
    $600 12
(Josh: What is acid rock?)

heavy metal

JoshTanis
    $600 28
barbequing

Alex
    $600 23
(Alex Rubalcava: What are the Orkneys?)

the Channel Islands

Alex
Triple Stumper
    $600 4
Joseph

Josh
    $800 20
Peter the Great

Josh
    $800 16
Princeton

Alex
    $1,500 13
(Tanis: What is a sonata?)

a nocturne

Tanis
    $800 29
fiber

Tanis
    $800 24
Tasmania

Josh
    $800 5
Sarah

Josh
    $1000 22
Prussia

Triple Stumper
    $2,000 17
(Alex Rubalcava: What is England?)

the Netherlands (or Holland)

Alex
    $1000 21
Harpsichord

Josh
    $1000 30
amino acids

Alex
    $1000 25
Liberty Island

Alex
    $1000 6
Daniel

Alex

Scores at the end of the Double Jeopardy! Round:

Josh Tanis Alex
$7,800 $5,800 $2,300

Final Jeopardy! Round responses

DEMOCRATS
(Alex Trebek: Remember, Truman took over the presidency upon the death of FDR and was re-elected in 1948.)
AlexWho is FDR?
$1,200
TanisWho is Franklin D. Roosevelt?
$5,100
JoshWho is Truman?
$3,811
Franklin Delano Roosevelt

Final scores:

Josh Tanis Alex
$3,989 $10,900 $3,500
2nd place: $1,000 if eliminated Automatic semifinalist 3rd place: $1,000 if eliminated

Game dynamics:

Coryat scores:

Josh Tanis Alex
$7,800 $7,000 $4,300
24 R,
3 W
20 R
(including 1 DD),
2 W
(including 1 DD)
8 R,
4 W
(including 1 DD)

Combined Coryat: $19,100

The J! Archive is created by fans, for fans. The Jeopardy! game show and all elements thereof, including but not limited to copyright and trademark thereto, are the property of Jeopardy Productions, Inc. and are protected under law. This website is not affiliated with, sponsored by, or operated by Jeopardy Productions, Inc. Join the discussion at JBoard.tv.